Statistics for Countries Bordering 'P' Countries

Click here to take the quiz!

General Stats

  • This quiz has been taken 522 times
  • The average score is 16 of 20

Answer Stats

Country% Correct
Brazil
93%
Germany
91%
Colombia
90%
Bolivia
89%
Afghanistan
87%
India
87%
Russia
86%
Argentina
85%
Chile
85%
Ecuador
83%
Slovakia
82%
Lithuania
81%
Costa Rica
80%
Spain
80%
Belarus
77%
Czech Republic
75%
China
72%
Indonesia
71%
Ukraine
71%
Iran
70%

Score Distribution

Percentile by Number Answered

Percent of People with Each Score

Your Score History

You have not taken this quiz